Carregando...

Yeast technology

Detalhes bibliográficos
Autor principal: Reed, G
Formato: Printed Book
Idioma:Undetermined
English
Publicado em: USA Avi Publishing company Inc 1973
Assuntos:
LEADER 00545nam a2200181Ia 4500
008 140306s9999 xx 000 0 und d
041 |a eng 
082 |a 589.2  |b REE/YE 
100 |a Reed, G 
245 |a Yeast technology 
260 |a USA  |b Avi Publishing company Inc  |c 1973 
300 |a 378 
365 |b Rs.94.00 
650 |a Fungi 
650 |a Mycology 
942 |2 ddc  |c BK 
999 |c 109550  |d 109550 
952 |0 0  |1 0  |2 ddc  |4 0  |6 589_200000000000000_REEYE  |7 0  |9 106969  |a KAUHCV  |b KAUHCV  |d 2004-03-24  |g 94.00  |o 589.2 REE/YE  |p KAU_HCV-3225  |r 2014-03-22  |w 2014-03-22  |y BK